00741nam a22001817a 450000500170000001000170001702000230003403500170005703700180007408200100009210000330010224501740013524600360030926000780034527000800042330000530050370000030055620110502164531.0 aB-428850-874 a8188170747c245.00 aB-428850-874 bVirtuous Pub. a158.1 aडागर, जे.के. aबातचीत का सलीका व आपसी संबंध मधुर बनाने के सौ नुस्खे /cजे. के. डागर  aKranti ki laptebby J. K. Dagar aनई दिल्लीbमंजुली प्रकाशनc2009 aI-1 / 16, Shanti Mohan House, Ansari Road, Dariyaganj, bNew Delhie110002 a141 पृ.c22सेमी (सजिल्द)